Sports Quiz

Random Sports or Baseball Quiz

MLB 30 HR Seasons (2000s) Quiz Stats

 Plays Quiz Updated Jan 12, 2018

Challenge
Share
Tweet
Embed
Score 0/132 Timer 20:00
7 Plays Today
# of Seasons Player % Correct
10Alex Rodriguez
94%
9Albert Pujols
89%
5Barry Bonds
88.4%
5David Ortiz
85.2%
8Manny Ramirez
83.9%
1Hanley Ramirez
83.4%
4Aramis Ramirez
83.3%
5Sammy Sosa
83.1%
3Chipper Jones
79.6%
6Andruw Jones
79.5%
3Adrian Gonzalez
77.1%
2Luis Gonzalez
77%
1Juan Gonzalez
76.9%
3Ken Griffey
75.7%
4Ryan Howard
75%
8Jim Thome
72.9%
5Miguel Cabrera
72.9%
1Mark McGwire
72.7%
3Prince Fielder
69.3%
3Frank Thomas
69.2%
6Vladimir Guerrero
68.4%
4Jeff Bagwell
67.1%
1Edgar Martinez
65.9%
1Tino Martinez
65.8%
7Jason Giambi
65.2%
5Todd Helton
64%
1Bernie Williams
64%
3Ryan Braun
62.7%
6Adam Dunn
62.5%
3Chase Utley
62.5%
3Carlos Beltran
62.3%
8Carlos Delgado
61.5%
1Adrian Beltre
61.2%
5Carlos Lee
60.6%
4Derrek Lee
60.6%
3Mike Piazza
59.3%
5Lance Berkman
58.8%
6Mark Teixeira
58.4%
1Larry Walker
58.2%
5Paul Konerko
58.1%
1Garret Anderson
56.3%
5Gary Sheffield
56.2%
1Josh Hamilton
55.8%
2David Wright
54.9%
# of Seasons Player % Correct
1Jimmy Rollins
54.8%
2Jeff Kent
54.4%
5Alfonso Soriano
54.3%
4Rafael Palmeiro
53.3%
4Jim Edmonds
53.2%
4Miguel Tejada
51.4%
5Troy Glaus
49.6%
2Matt Holliday
49%
1Charles Johnson
48.7%
3Justin Morneau
48.1%
2Shawn Green
47.6%
1Evan Longoria
47.3%
1Jorge Posada
46.6%
3Carlos Pena
45.3%
5Richie Sexson
45.2%
4Jermaine Dye
44.4%
2Scott Rolen
44.3%
1Chris Young
43.7%
3Magglio Ordonez
42.7%
1Mo Vaughn
42.1%
1Nelson Cruz
39.6%
1Javy Lopez
39.4%
4Jason Bay
39.3%
2Jose Cruz
39.2%
1Torii Hunter
39%
1Tim Salmon
38.9%
2Bret Boone
38.2%
1Curtis Granderson
37%
1Troy Tulowitzki
36.9%
2Bobby Abreu
36.7%
2Travis Hafner
36.3%
2Moises Alou
35.9%
2Fred McGriff
35.8%
1Jayson Werth
34.4%
1Mike Lowell
34.1%
2Vernon Wells
33.3%
1Mark Reynolds
33.2%
2Eric Chavez
33.1%
1Ryan Zimmerman
32.7%
1Vinny Castilla
32.6%
3Dan Uggla
31.9%
4Pat Burrell
31.7%
3Brian Giles
31.7%
1David Justice
31.6%
# of Seasons Player % Correct
1Hideki Matsui
31.1%
2Preston Wilson
29.7%
1Grady Sizemore
27.6%
2Raul Ibanez
27.4%
1Richard Hidalgo
27.3%
1J.D. Drew
26.3%
1Brandon Phillips
26.2%
1Aaron Hill
25.3%
1Ian Kinsler
25.1%
3Tony Batista
24.9%
1Tony Clark
23.9%
4Jeromy Burnitz
23.4%
2Steve Finley
22.7%
1Ryan Klesko
22%
2Phil Nevin
21.6%
1Ellis Burks
21.2%
1Andre Ethier
20.5%
2Aubrey Huff
20.3%
2Reggie Sanders
20.2%
1Mike Cameron
20%
1Rich Aurilia
18.5%
1Geoff Jenkins
18.5%
1Nick Swisher
17.9%
2Cliff Floyd
17.7%
1Eric Karros
17.6%
1Hank Blalock
17.1%
1Adam Lind
16.7%
1Michael Cuddyer
16.6%
1Adam LaRoche
16.6%
1Carlos Quentin
16.4%
1Jose Guillen
15.8%
1Morgan Ensberg
15.5%
1Joe Crede
13%
1Ryan Ludwick
12.9%
1Bill Hall
12.5%
1Kendrys Morales
12.1%
1Carl Everett
11.6%
1Bobby Higginson
10%
1Jack Cust
10%
1Jose Valentin
9.6%
1Russell Branyan
8.9%
1Mike Jacobs
7.6%
1Brad Wilkerson
7.4%
1Brad Fullmer
7%

You're not logged in!

Compare scores with friends on all Sporcle quizzes.
Join for Free
OR
Log In

You Might Also Like...

Show Comments

Extras

Top Quizzes Today


Score Distribution

Your Account Isn't Verified!

In order to create a playlist on Sporcle, you need to verify the email address you used during registration. Go to your Sporcle Settings to finish the process.

Report this User

Report this user for behavior that violates our Community Guidelines.

Details: